| 000 | 00600nam a2200205Ii 4500 | ||
|---|---|---|---|
| 003 | JO-AjNU | ||
| 008 | 230606s9999||||xx |||||||||||||| ||und|| | ||
| 020 | _a978-81-89922-91-7 | ||
| 040 |
_aJO-AjNU _beng _erda _cJO-AjNU |
||
| 041 | _aeng | ||
| 050 | 1 | 4 | _aTD146.2014 |
| 100 | 3 |
_aShah,Ramesh, _eauthor _94383 |
|
| 245 | 0 | 0 | _aBasic Civil and Environmental Engineering |
| 264 | 3 | 1 | _aNew Delhi: Venus book |
| 300 | _a320p | ||
| 336 |
_atext _btxt _2rdacontent |
||
| 337 |
_aunmediated _bn _2rdamedia |
||
| 338 |
_avolume _bnc _2rdacarrier |
||
| 650 | 4 |
_aBasic Civil and Environmental Engineering _94384 |
|
| 999 |
_aE2277 _c2275 _d2275 |
||